LIBRARY & INFORMATION CENTRE, KCAET, TAVANUR

ONLINE PUBLIC ACCESS CATALOGUE (OPAC)

Short stories by modern writers / (Record no. 4305)

MARC details
000 -LEADER
fixed length control field 00407cam a2200169ua 4500
041 ## - LANGUAGE CODE
Language code of text/sound track or separate title eng
082 ## - DEWEY DECIMAL CLASSIFICATION NUMBER
Classification number 823.301
Item number JEP/SH
100 ## - MAIN ENTRY--AUTHOR NAME
Personal name Jepson, R W .
245 ## - TITLE STATEMENT
Title Short stories by modern writers /
260 ## - PUBLICATION, DISTRIBUTION, ETC. (IMPRINT)
Place of publication London :
Name of publisher Longman ,
Year of publication 1960.
300 ## - PHYSICAL DESCRIPTION
Number of Pages 223 ; .
942 ## - ADDED ENTRY ELEMENTS (KOHA)
Koha item type Books
Holdings
Withdrawn status Lost status Damaged status Home library Current library Date acquired Full call number Accession Number Koha item type
      KAUAET KAUAET 07/04/2012 823.301 12972 Books
      KAUAET KAUAET 07/04/2012 823.301 12973 Books
Withdrawn     KAUAET Sanskrit University 07/04/2012 823.301 12971 Books
free website counter